कमल : (Record no. 120520)
[ view plain ]
| 000 -LEADER | |
|---|---|
| fixed length control field | 01253nam a22002657a 4500 |
| 005 - DATE AND TIME OF LATEST TRANSACTION | |
| control field | 20170124103159.0 |
| 010 ## - LIBRARY OF CONGRESS CONTROL NUMBER | |
| LC control number | A-689956 |
| 020 ## - INTERNATIONAL STANDARD BOOK NUMBER | |
| Terms of availability | 350.00 |
| 035 ## - SYSTEM CONTROL NUMBER | |
| System control number | A-689956 |
| 037 ## - SOURCE OF ACQUISITION | |
| Source of stock number/acquisition | Cen Lib/Ret |
| 040 ## - CATALOGING SOURCE | |
| Original cataloging agency | DPL |
| Language of cataloging | HN |
| 082 ## - DEWEY DECIMAL CLASSIFICATION NUMBER | |
| Classification number | 929.9 |
| Item number | मलहो |
| 100 ## - MAIN ENTRY--PERSONAL NAME | |
| Personal name | मलहोत्रा, विजय कुमार |
| 9 (RLIN) | 52576 |
| 245 ## - TITLE STATEMENT | |
| Title | कमल : |
| Statement of responsibility, etc | विजय कुमार मलहोत्रा |
| Remainder of title | शाश्वत सांस्कृतिक प्रतीक / |
| 246 ## - VARYING FORM OF TITLE | |
| Title proper/short title | Kamal : shashvat sanskritik pratik / |
| Remainder of title | by Vijay Kumar Malhotra |
| 260 ## - PUBLICATION, DISTRIBUTION, ETC. (IMPRINT) | |
| Place of publication, distribution, etc | नयी दिल्ली |
| Name of publisher, distributor, etc | प्रवीण प्रकाशन |
| Date of publication, distribution, etc | 1994 |
| 270 ## - ADDRESS | |
| Address | 1/1079 ई महरौली |
| City | नयी दिल्ली |
| Postal code | 110030 |
| 300 ## - PHYSICAL DESCRIPTION | |
| Extent | 291पृ. : |
| Dimensions | 21सेमी (सजिल्द) |
| Other physical details | सचित्र |
| 500 ## - GENERAL NOTE | |
| General note | परिशिष्ट और संदर्भ सूची शामिल |
| 650 ## - SUBJECT ADDED ENTRY--TOPICAL TERM | |
| Topical term or geographic name as entry element | कमल -- भारतीय देव अवधारणा |
| 9 (RLIN) | 90843 |
| 650 ## - SUBJECT ADDED ENTRY--TOPICAL TERM | |
| Topical term or geographic name as entry element | कमल -- प्रतीक के रूप में |
| 9 (RLIN) | 90844 |
| 650 ## - SUBJECT ADDED ENTRY--TOPICAL TERM | |
| Topical term or geographic name as entry element | Kamal -- Indian god concept |
| 9 (RLIN) | 90845 |
| 650 ## - SUBJECT ADDED ENTRY--TOPICAL TERM | |
| Topical term or geographic name as entry element | Lotus -- Symbol |
| 9 (RLIN) | 90846 |
| 942 ## - ADDED ENTRY ELEMENTS (KOHA) | |
| Source of classification or shelving scheme | Dewey Decimal Classification |
| Koha item type | Hindi Books |
| Classification part | 929.9 |
| Call number suffix | मलहो |
| Withdrawn status | Lost status | Damaged status | Not for loan | Home library | Current library | Date acquired | Source of acquisition | Cost, normal purchase price | Total Checkouts | Full call number | Barcode | Date last seen | Copy number | Cost, replacement price | Price effective from | Koha item type |
|---|---|---|---|---|---|---|---|---|---|---|---|---|---|---|---|---|
| Central Library | Central Library | 23/09/2015 | Cen Lib/Ret | 350.00 | 929.9 मलहो | A-689956 | 23/09/2015 | 1 | 350.00 | 23/09/2015 | Hindi Books |
